MARC

LEADER 00000nam0a2200000 4500
001 328882
005 20250131175635.0
035 |a (RuTPU)RU\TPU\book\354611 
035 |a RU\TPU\book\326982 
090 |a 328882 
100 |a 20170227d1980 k y0rusy5003 ca 
101 0 |a rus 
102 |a RU 
105 |a a z 000zy 
200 1 |a Актуальные проблемы расчетного обоснования сооружений гидроузлов  |e [сборник]  |f Всесоюзный проектно-изыскательский и научно-исследовательский институт "ГИДРОПРОЕКТ" имени С. Я. Жука ; под ред. Л. А. Золотова ; Г. К. Суханова ; Л. Б. Шейнмана 
210 |a Москва  |c Изд-во Гидропроекта  |d 1980 
215 |a 164 с.  |c ил. 
225 1 |a Сборник научных трудов Гидропроекта  |v Вып. 74 
500 1 0 |a Сборник научных трудов Гидропроекта  |9 88831 
606 1 |a Гидроузлы  |x Гидротехнические сооружения  |2 stltpush  |3 (RuTPU)RU\TPU\subj\7075  |9 34808 
610 1 |a сооружение 
610 1 |a расчетные работы 
610 1 |a модели 
610 1 |a ЭВМ 
610 1 |a использование 
610 1 |a прочность 
610 1 |a исследования 
610 1 |a арочные плотины 
610 1 |a теория упругости 
610 1 |a сдвижение 
610 1 |a сдвиговый клин 
610 1 |a гравитационные плотины 
610 1 |a реактивное движение 
610 1 |a грунты 
610 1 |a подпорные стенки 
610 1 |a камеры 
610 1 |a шлюзы 
675 |a 627.8  |v 4 
702 1 |a Золотов  |b Л. А.  |4 340 
702 1 |a Суханов  |b Г. К.  |4 340 
702 1 |a Шейнман  |b Л. Б.  |4 340 
712 0 2 |a Всесоюзный проектно-изыскательский и научно-исследовательский институт "ГИДРОПРОЕКТ" имени С. Я. Жука  |3 (RuTPU)RU\TPU\col\11545  |9 25169 
801 0 |a RU  |b RuMRKP  |c 19950704  |g psbo 
801 1 |a RU  |b 63413507  |c 20150813 
801 2 |a RU  |b 63413507  |c 20171214  |g RCR 
942 |c BK